Ley de concursos y quiebras (Registro nro. 4814)

Detalles MARC
000 -LEADER
fixed length control field 01776 a2200301 4500
001 - CONTROL NUMBER
control field 49343
005 - DATE AND TIME OF LATEST TRANSACTION
control field 20260407155757.0
008 - FIXED-LENGTH DATA ELEMENTS--GENERAL INFORMATION
fixed length control field 260407a2012 arg spa d
003 - CONTROL NUMBER IDENTIFIER
control field AR-UNSa-BCEJYS
040 ## - CATALOGING SOURCE
Original cataloging agency AR-UNSa-BCEJYS
Language of cataloging spa
Transcribing agency AR-UNSa-BCEJYS
080 ## - UNIVERSAL DECIMAL CLASSIFICATION NUMBER
Universal Decimal Classification number 347.736
Common auxiliary subdivision Quiebra. Insolvencia. Suspensión de pagos. Bancarrota, procedimientos. Derecho Concursal
020 ## - INTERNATIONAL STANDARD BOOK NUMBER
International Standard Book Number 978-987-30-0290-8
041 ## - LANGUAGE CODE
Language code of text/sound track or separate title spa
100 1# - MAIN ENTRY--PERSONAL NAME
Personal name Rivera, Julio César
245 10 - TITLE STATEMENT
Title Ley de concursos y quiebras
Name of part/section of a work Actualización Ley 26.684
250 ## - EDITION STATEMENT
Edition statement 4a. ed. act.
264 #1 - PRODUCTION, PUBLICATION, DISTRIBUTION, MANUFACTURE, AND COPYRIGHT NOTICE
Place of production, publication, distribution, manufacture Santa Fe :
Name of producer, publisher, distributor, manufacturer Rubinzal-Culzoni Editores
Date of production, publication, distribution, manufacture, or copyright notice 2012
300 ## - PHYSICAL DESCRIPTION
Extent 507 p.
Dimensions 22 cm.
505 ## - FORMATTED CONTENTS NOTE
Formatted contents note 1. Requisitos del periodo de concurso preventivo - 2. Resolución de apertura - 3. EL nuevo régimen de pronto pago de los créditos laborales - 4. El régimen de interés en los créditos laborales en el concurso preventivo - 5. Plazo y mayoría para la obtención del acuerdo para acreedores quirografarios - 6. El nuevo régimen de salvataje - 7. Suspensión de intereses en la quiebra - 8. La cooperativa de trabajo oferente para contratar sobre bienes de la quiebra - 9. Nuevo régimen de continuación inmediata de la explotación - 10. Hipoteca y prenda en la continuación de la empresa - 11. Nuevos efectos de la quiebra sobre el contrato de trabajo - 12. El nuevo régimen de liquidación y distribución de bienes en la quiebra - 13. Régimen del nuevo comité de control.
590 ## - LOCAL NOTE (RLIN)
Local note niveau_biblio:m niveau_hierar:0
650 ## - SUBJECT ADDED ENTRY--TOPICAL TERM
Topical term or geographic name entry element LEY 26.684
650 ## - SUBJECT ADDED ENTRY--TOPICAL TERM
Topical term or geographic name entry element ley 26 684
700 1# - ADDED ENTRY--PERSONAL NAME
Personal name Roitman, Horacio
700 1# - ADDED ENTRY--PERSONAL NAME
Personal name Vítolo, Daniel Roque
700 1# - ADDED ENTRY--PERSONAL NAME
Personal name Argentina [Leyes, etc.]
856 41 - ELECTRONIC LOCATION AND ACCESS
Uniform Resource Identifier <a href="https://www.biblioeco.unsa.edu.ar/pmb/images/libros/L128025.jpg">https://www.biblioeco.unsa.edu.ar/pmb/images/libros/L128025.jpg</a>
Link text Imagen de portada
Electronic format type image/jpeg
942 ## - ADDED ENTRY ELEMENTS (KOHA)
Koha item type
Existencias
Withdrawn status Lost status Damaged status Not for loan Home library Current library Shelving location Date acquired Total checkouts Full call number Barcode Date last seen Price effective from Koha item type
        Biblioteca Prof. Eusebio Cleto del Rey Biblioteca Prof. Eusebio Cleto del Rey   07/04/2026   347.736 R621y 4ed. L128025 07/04/2026 07/04/2026 Libro